Biopics - Sudden Death - Statistics

General Stats
  • This quiz has been taken 29 times
  • The average score is 9 of 18
Answers on the Grid
Answers color-coded by a green-red scale on the quiz's grid according to % correct below.
Control
Anora
Bohemian Rhapsody
Gia
The Marriage of Maria Braun
Billy Elliot
Rocketman
Wilde
The Electrical Life of Louis Wain
Velvet Goldmine
Little Women
Walk the Line
Jackie Brown
Temple Grandin
Drugstore Cowboy
Ed Wood
Better Man
Lucy
Taxi Driver
Sing Street
Life
The Watermelon Woman
Mary and Max
A Beautiful Mind
Social Network
I, Tonya
Carol
The Talented Mr. Ripley
A Complete Unknown
Milk
Trainspotting
The Founder
Last Days
The Godfather
The Boy in the Stripped Pajamas
Stand by Me
 
Answer Stats
Answer % Correct
Bohemian Rhapsody
89%
Rocketman
83%
A Beautiful Mind
78%
I, Tonya
72%
Social Network
72%
Walk the Line
72%
Ed Wood
67%
A Complete Unknown
61%
Milk
61%
The Founder
50%
Gia
39%
Wilde
33%
Better Man
28%
The Electrical Life of Louis Wain
22%
Control
17%
Temple Grandin
17%
Last Days
6%
Life
6%
No matching quizzes found
Score Distribution
Percent of People with Each Score
Percentile by Number Answered
Your Score History
You have not taken this quiz